Minecraft - Errate die Entitäten anhand des Bildes - Statistiken

Allgemein
  • Dieses Quiz wurde 20 mal gespielt
  • Das Durchschnittsergebnis liegt bei 5 aus 172
Antwortstatistiken
Bildquiz Antwort % Korrekt
Frosch
24%
Creeper
18%
Ei
18%
Enderauge
18%
Enderperle
18%
Fledermaus
18%
Huhn
18%
Lama
18%
Phantom
18%
Piglin
18%
Dreizack
12%
Enderkristall
12%
Enderman
12%
Esel
12%
Fuchs
12%
Ghast
12%
Gürteltier
12%
Pfeil
12%
Schleim
12%
Schneeball
12%
Skelett
12%
Wither
12%
Wither-Skelett
12%
Ballon
6%
Bienen
6%
Blitz
6%
Delfin
6%
Diener
6%
Dorfbewohner
6%
Eisbären
6%
Eisengolem
6%
Enderdrachen
6%
Gemälde
6%
Händlerlama
6%
Hexen
6%
Höhlenspinnen
6%
Kamera
6%
Kaninchen
6%
Kugelfisch
6%
Kuh
6%
Kupfergolem
6%
Lachs
6%
Lore
6%
Magmawürfel
6%
Mangrovenholzboot
6%
Maultier
6%
Panda
6%
Papageien
6%
Rüstungsständer
6%
Schneegolem
6%
Shulker
6%
Spinnen
6%
Wächter
6%
Wärter
6%
Windkugel
6%
Wüstenzombie
6%
Ziegen
6%
Zombie
6%
Agent
0%
Akazienholzboot
0%
Akazienholztruhenboot
0%
Angel-Bobber
0%
Antriebslore
0%
Axolotl
0%
Bambusfloß
0%
Bambus-Truhenfloß
0%
Befehlsblocklore
0%
Birkenholzboot
0%
Birkenholztruhenboot
0%
Blasseichenholzboot
0%
Blasseichenholztruhenboot
0%
Blaues Ei
0%
Blockdarsteller
0%
Böen
0%
Braunes
0%
Drachen-Feuerkugel
0%
Dromedar
0%
Eichenholzboot
0%
Eichenholztruhenboot
0%
Eisbombe
0%
Eiswanderer
0%
Endermiten
0%
Erfahrungsfläschchen
0%
Erfahrungskugel
0%
Ertrunkenen
0%
Fahrender-Händler
0%
Fallender Amboss
0%
Fallender Block
0%
Fallender Drachenei
0%
Fallender Gerüst
0%
Fallender Kies
0%
Fallender Roter Sand
0%
Fallender Sand
0%
Fallender Schnee
0%
Fallender Seltsamer Kies
0%
Fallender Seltsamer Sand
0%
Fallender Spitzer Tropfstein
0%
Fallender Weißer Trockenbeton
0%
Fangzähne
0%
Feuerkugel
0%
Feuerwerksrakete
0%
Fichtenholzboot
0%
Fichtenholztruhenboot
0%
Gegenstand
0%
Getränkter Pfeil
0%
Gezündetes TNT
0%
Gezündetes Unterwasser-TNT
0%
Glücklicher-Ghast
0%
Großwächter
0%
Güterlore
0%
Hilfsgeister
0%
Hoglin
0%
Illusionist
0%
Kabeljau
0%
Katzen
0%
Kaulquappen
0%
Killer-Kaninchen
0%
Kirschholzboot
0%
Kirschholztruhenboot
0%
Klein Feuerkugel
0%
Knarz
0%
Lamaspucke
0%
Leinenknoten
0%
Leuchtrahmen
0%
Leuchttintenfisch
0%
Lohen
0%
Magier
0%
Mangrovenholztruhenboot
0%
Mooshroom
0%
Nautilus
0%
NPC
0%
Ozelot
0%
Partikelwolke
0%
Pferde
0%
Piglin-Barbaren
0%
Plagegeister
0%
Plünderer
0%
Rahmen
0%
Riese
0%
Schafs
0%
Schildkröten
0%
Schnüffler
0%
Schreiter
0%
Schwarzeichenholzboot
0%
Schwarzeichenholztruhenboot
0%
Schweine
0%
Shulker-Geschoss
0%
Silberfischchen
0%
Skelettpferde
0%
Spawnerlore
0%
Spektralpfeil
0%
Spieler
0%
Spielerpuppe
0%
Sumpfskelett
0%
Tintenfisch
0%
TNT-Lore
0%
Trichterlore
0%
Tropenfisch
0%
Tropenholzboot
0%
Tropenholztruhenboot
0%
Vertrockneten
0%
Verweiltrank
0%
Verwüster
0%
Wither-Schädel
0%
Wolfs
0%
Wurftrank
0%
Zoglin
0%
Zombiedorfbewohner
0%
Zombiedromedar
0%
Zombienautilus
0%
Zombiepferde
0%
Zombifizerter-Piglin
0%
Keine übereinstimmenden Quizze gefunden
Verteilung der Resultate
Anzahl Personen mit jedem Resultat
Perzentil nach korrekt beantworteten Fragen
Ihre Resultats-Entwicklung
Sie haben dieses Quiz noch nicht gespielt